[Event "TCh-BUL GpA Men"]
[Site "Albena BUL"]
[Date "2011.06.03"]
[Round "2.3"]
[White "Kozhuharov,S"]
[Black "Lazarov,R"]
[Result "1/2-1/2"]
[WhiteElo "2436"]
[BlackElo "2233"]

1.d4 d6 2.e4 Nf6 3.Nc3 e5 4.Nf3 exd4 5.Nxd4 g6 6.g3 Bg7 7.Bg2 O-O 8.O-O Re8
9.h3 Nbd7 10.Re1 Nc5 11.Nb3 Nxb3 12.axb3 Bd7 13.b4 a6 14.Be3 Bc6 15.Qd3 Nd7
16.f4 Qf6 17.Rad1 Nf8 18.Qc4 Ne6 19.Rf1 Bb5 20.Nxb5 axb5 21.Qxb5 Qxb2 22.f5 Nd4
23.Bxd4 Bxd4+ 24.Kh1 Be5 25.Qxb7 Qc3 26.fxg6 Qxg3 27.gxf7+ Kh8 28.Kg1 Qh2+
29.Kf2 Qg3+ 30.Kg1 Qh2+ 31.Kf2 Rf8 32.Qd5 Kg7 33.Rg1 Rxf7+ 34.Ke2 Raf8 35.Kd3 Kh8
36.Kc4 Rf2 37.Rdf1 Rxc2+ 38.Kb3 Rcf2 39.Ka4 Qg3 40.Bh1 Qe3 41.Rxf2 Qxf2 42.Rc1 c6
43.Rxc6 Ra8+ 44.Kb3 Qf1 45.Qc4  1/2-1/2

[Event "82nd ch-GER"]
[Site "Bonn GER"]
[Date "2011.06.03"]
[Round "9.12"]
[White "Poetsch,H"]
[Black "Strache,M"]
[Result "1-0"]
[WhiteElo "2424"]
[BlackElo "2317"]

1.e4 d6 2.d4 Nf6 3.Nc3 e5 4.Nge2 Be7 5.h3 exd4 6.Nxd4 O-O 7.g4 d5 8.e5 Ne4
9.Nxe4 dxe4 10.Bg2 Qd5 11.Bf4 f6 12.Nf5 Qxd1+ 13.Rxd1 Bxf5 14.gxf5 fxe5 15.Bxe5 Na6
16.Bxe4 Rae8 17.Kf1 c6 18.Bd3 Bf6 19.Bc4+ Kh8 20.Bxf6 Rxf6 21.Rg1 b5 22.Be2 Ref8
23.Rd7 R6f7 24.Rxf7 Rxf7 25.Rg3 Nb4 26.Re3 Kg8 27.c4 Rxf5 28.Re8+ Kf7 29.Ra8 Rc5
30.Rxa7+ Kf6 31.Ra5 Nc2 32.Bd3 Nd4 33.cxb5 cxb5 34.Ra6+ Ke5 35.Bxh7 Kf4 36.Rg6 Rh5
37.Rg4+ Ke5 38.Bb1 Ne6 39.h4 Rh6 40.Bd3 Nf4 41.Bxb5 Rd6 42.Ke1 g6 43.a4 Rd4
44.Rg3 Kd5 45.b3 Kc5 46.Rc3+  1-0

[Event "ch-Flanders 2011"]
[Site "Ghent BEL"]
[Date "2011.06.03"]
[Round "4.4"]
[White "Cools,G"]
[Black "Verduyn,F"]
[Result "1-0"]
[WhiteElo "2230"]
[BlackElo "2185"]

1.e4 d6 2.d4 Nf6 3.Nc3 c6 4.f4 Qa5 5.Bd3 e5 6.Nf3 Bg4 7.dxe5 dxe5 8.Bd2 Nbd7
9.O-O Qc7 10.Kh1 Be7 11.Qe1 Bxf3 12.Rxf3 O-O 13.Qh4 Rfe8 14.Qh3 Rad8 15.Raf1 Bd6
16.g4 Nc5 17.g5 Nxd3 18.cxd3 Nd7 19.Nd1 exf4 20.Nf2 Ne5 21.Rxf4 Nc4 22.Rh4 Nxd2
23.Rxh7 Kf8 24.Rd1 Bf4 25.Qf5 Nf3 26.g6 f6 27.Ng4 Nd4 28.Qh5 Qd6 29.Rxg7 Qc7
30.Rh7  1-0

[Event "29th Liechtenstein Open"]
[Site "Triesen LIE"]
[Date "2011.06.03"]
[Round "8.12"]
[White "Simon,Pete GER"]
[Black "Stanek,S"]
[Result "1-0"]
[WhiteElo "2159"]
[BlackElo "2044"]

1.d4 d6 2.e4 Nf6 3.Nc3 c6 4.g3 g6 5.Bg2 Bg7 6.Nge2 O-O 7.O-O e5 8.h3 Re8
9.a4 a5 10.Be3 exd4 11.Nxd4 Be6 12.Nxe6 Rxe6 13.Qd2 Nbd7 14.Rad1 Qc7 15.Kh2 Rae8
16.Rfe1 Nb6 17.b3 Nc8 18.Bd4 Nh5 19.Bxg7 Nxg7 20.Ne2 R6e7 21.Nd4 Ne6 22.Nxe6 Rxe6
23.f4 b6 24.c4 f6 25.h4 f5 26.exf5 gxf5 27.Rxe6 Rxe6 28.Qd3 Ne7 29.Bh3 Rf6
30.Re1 Kf7 31.Bg2 Qd7 32.Qe2 Kf8 33.Qh5 h6 34.Qe2 Kf7 35.Bf3 Kf8 36.Bh5 Ng6
37.Bf3 Ne7 38.Qe3 Nc8 39.Qd4 Kg7 40.Bxc6 Qf7 41.Be8 Qg8 42.Bh5 Qd8 43.Re6 Na7
44.Re8 Nc6 45.Qd5 Ne7 46.Qb7  1-0

[Event "Haspa-Schachpokal 2011 GpA"]
[Site "Bargteheide GER"]
[Date "2011.06.04"]
[Round "6.2"]
[White "Schmidt,Ha"]
[Black "Lindinger,M"]
[Result "0-1"]
[WhiteElo "2412"]
[BlackElo "2303"]

1.e4 d6 2.d4 Nf6 3.Nc3 Nbd7 4.Bg5 e5 5.dxe5 dxe5 6.Bc4 c6 7.Nge2 b5 8.Bb3 h6
9.Bxf6 Qxf6 10.Ng3 g6 11.Qe2 a6 12.a4 Rb8 13.axb5 axb5 14.Nf1 Bc5 15.Nd1 Nf8
16.Nde3 h5 17.Nd2 Ne6 18.Bxe6 Qxe6 19.O-O O-O 20.Nb3 Bb6 21.Rfd1 Qe7 22.Rd3 Be6
23.Na5 Ra8 24.Rda3 Bd7 25.c3 Rfd8 26.b4 Be8 27.g3 Rac8 28.h4 Qc7 29.Nb3 Rd6
30.Nc5 Rcd8 31.R3a2 Bd7 32.c4 Rd4 33.Nb3 bxc4 34.Nxd4 Bxd4 35.Rc1 c3 36.Ra5 Qb6
37.Kg2 Qxb4 38.Ra6 Rb8 39.Qc4 Qb2 40.Re1 Be6 41.Qxc6 Qd2 42.Raa1 Rb2 43.Rf1 Qxe3  0-1

[Event "TCh-SLO"]
[Site "Maribor SLO"]
[Date "2011.06.04"]
[Round "5"]
[White "Gorsek,G"]
[Black "Kovac,B"]
[Result "0-1"]
[WhiteElo "2136"]
[BlackElo "2317"]

1.e4 d6 2.d4 Nf6 3.Nc3 Nbd7 4.Nf3 e5 5.Bc4 Be7 6.dxe5 dxe5 7.Ng5 O-O 8.Bxf7+ Rxf7
9.Ne6 Qe8 10.Nxc7 Qd8 11.Nxa8 b5 12.Nd5 Bd6 13.Bg5 Bb7 14.Qe2 Qxa8 15.Bxf6 Nxf6
16.Nxf6+ Rxf6 17.f3 Bc6 18.O-O-O a5 19.Rd2 Bb4 20.Rd3 h6 21.Rhd1 Be7 22.Kb1 Qb7
23.g4 Rf8 24.Qe1 b4 25.Qg3 Qc7 26.h4 Rc8 27.R1d2 a4 28.g5 h5 29.Qh3 Be8 30.g6 Qc6
31.Qf5 Bxg6 32.Qxe5 Bxh4 33.Rd6 Qc4 34.b3 axb3 35.axb3 Qc3 36.Qxc3 bxc3 37.R2d3 Kh7
38.Rd7 Bg3 39.R7d5 h4 40.Rd1 Bf7 41.Rb5 h3 42.Rh1 Be6 43.Rh5+ Kg6 44.R5xh3 Bxh3
45.Rxh3 Be5 46.Rh4 Kg5 47.Rg4+ Kh5 48.Rg1 Rd8 49.f4 Bd4 50.Rg5+ Kh6 51.Rg3 Re8
52.e5 Rf8 53.Rh3+ Kg6 54.Rg3+ Kh7 55.Rg4 Be3 56.e6 g6 57.Rg3 Bd2 58.Rf3 Kg7
59.e7 Rg8 60.f5 g5 61.f6+ Kf7 62.Rd3 Re8 63.Rf3 Bf4 64.Rxc3 Kxf6 65.b4 Kxe7
66.Rf3 Kd6 67.c4 Re4 68.Rd3+ Kc6 69.Rd8 Rxc4 70.Rc8+ Kb5 71.Rxc4 Kxc4 72.Kc2 g4
73.Kd1 Kxb4 74.Ke2 Kc4  0-1

[Event "TCh-BIH 2011"]
[Site "Neum BIH"]
[Date "2011.06.04"]
[Round "1.1"]
[White "Djurovic,G"]
[Black "Pikula,D"]
[Result "0-1"]
[WhiteElo "2371"]
[BlackElo "2531"]

1.e4 d6 2.d4 Nf6 3.Nc3 e5 4.Nf3 Nbd7 5.Bc4 Be7 6.O-O O-O 7.Re1 c6 8.a4 a5
9.h3 h6 10.b3 Re8 11.Bb2 Qc7 12.Bd3 exd4 13.Nxd4 Bf8 14.Bf1 Ne5 15.f4 Qb6
16.Kh2 Ng6 17.g3 h5 18.f5 Ne5 19.Bg2 d5 20.Qd2 c5 21.Ndb5 d4 22.Ne2 Bd7 23.c4 dxc3
24.Nexc3 Bxb5 25.axb5 c4 26.Nd5 Nxd5 27.exd5 Nd3 28.Rxe8 Rxe8 29.bxc4 Nxb2
30.Qxb2 Bd6 31.Kh1 Qe3 32.c5 Be5 33.Qa3 Bxa1 34.Qxa1 Qf2  0-1

[Event "Fynsmesterskabet 2011"]
[Site "Odense DEN"]
[Date "2011.06.04"]
[Round "7.26"]
[White "Larsen,U"]
[Black "Preuss,F"]
[Result "0-1"]
[WhiteElo "1755"]
[BlackElo "1991"]

1.e4 d6 2.d4 Nf6 3.Nc3 e5 4.Nf3 Nbd7 5.Bc4 Be7 6.O-O O-O 7.Re1 c6 8.Bb3 b5
9.a3 a6 10.h3 Qc7 11.Nh4 exd4 12.Nf5 Nc5 13.Nxe7+ Qxe7 14.Qxd4 Nxb3 15.cxb3 Be6
16.e5 dxe5 17.Qxe5 h6 18.Be3 Nd7 19.Qg3 Kh7 20.Ne4 f5 21.Nc3 Qf7 22.Qd6 Bxb3
23.Bd4 Rfe8 24.Qxc6 Rac8 25.Qxa6 Bc4 26.Qb7 f4 27.Nxb5 f3 28.Nd6 Qg6 29.Qxf3 Qxd6
30.Qc3 Bd5 31.Bxg7 Qg6  0-1

[Event "18th Ratten Open"]
[Site "Ratten AUT"]
[Date "2011.06.04"]
[Round "4.1"]
[White "Mayr,T"]
[Black "Aschenbrenner,R"]
[Result "0-1"]
[WhiteElo "2127"]
[BlackElo "2278"]

1.e4 d6 2.d4 Nf6 3.Nc3 e5 4.Nf3 Nbd7 5.Bc4 Be7 6.h3 O-O 7.O-O c6 8.dxe5 dxe5
9.a3 b5 10.Ba2 a5 11.Re1 Ba6 12.Rb1 b4 13.Na4 Qc7 14.c4 Rfd8 15.Qe2 Nf8 16.Be3 c5
17.Qc2 Bb7 18.Bg5 Ne6 19.Bxf6 Bxf6 20.Rbd1 Bc6 21.Rd5 Bxd5 22.cxd5 Ng5 23.Nd2 h6
24.Nc4 Be7 25.f4 exf4 26.e5 Rxd5 27.Nab6 Rdd8 28.Nxa8 Rxa8 29.Bb1 b3 30.Qxb3 Ne6
31.Qd3 g6 32.Qc3 Bf8 33.Be4 Ra6 34.Bd5 Bg7 35.Qd3 Nd4 36.Nd6 Rxd6 37.exd6 Qxd6
38.Re8+ Bf8 39.Qc4 f3 40.Bxf7+ Kg7 41.Bg8 Qf6 42.Rxf8 Qxf8 43.Bd5 Ne2+ 44.Kf2 fxg2+
45.Kxg2 Nf4+ 46.Kg3 Nh5+ 47.Kg2 Qd6 48.Kh1 Ng3+ 49.Kg2 Nf5 50.Qc3+ Kh7 51.Be4 Nh4+
52.Kf1  0-1

[Event "5th Wunsiedel Open 2011"]
[Site "Wunsiedel GER"]
[Date "2011.06.04"]
[Round "5"]
[White "Esserman,M"]
[Black "Kunin,V"]
[Result "1/2-1/2"]
[WhiteElo "2439"]
[BlackElo "2561"]

1.e4 d6 2.d4 Nf6 3.Nc3 e5 4.dxe5 dxe5 5.Qxd8+ Kxd8 6.Nf3 Bd6 7.Bg5 Be6 8.O-O-O Nd7
9.Bxf6+ gxf6 10.Bb5 Rg8 11.Nh4 Rg5 12.f3 Rh5 13.g3 Nb6 14.Be2 Ke7 15.Ng2 Rg5
16.g4 Bb4 17.Rd3 Bc4 18.Rdd1 Bxc3 19.Bxc4 Bxb2+ 20.Kxb2 Nxc4+ 21.Kc3 Nd6
22.Ne3 Ke6 23.Rd3 Rgg8 24.Rhd1 Rgd8 25.Kb3 a5 26.c4 a4+ 27.Kb4 b6 28.Nf5 a3
29.Nxd6 Rxd6 30.Rxd6+ cxd6 31.Rd3 h5 32.Rxa3 Rh8 33.h3 hxg4 34.fxg4 f5 35.gxf5+ Kf6
36.Rd3 Kg5 37.Rxd6 Kf4 38.Rxb6 Kxe4 39.Rf6 Kd4 40.Rd6+ Ke4 41.Rf6 Kd4 42.Rxf7 Rb8+
43.Ka5 Kxc4 44.Re7 Kd5 45.a4 Rf8 46.Kb6 Rxf5 47.a5 Rh5 48.a6 Rxh3 49.a7 Rb3+
50.Kc7 Ra3 51.Kb8 e4 52.a8=Q+ Rxa8+ 53.Kxa8 Kd4 54.Kb7 e3 55.Kc6 Kd3 56.Kd5 e2
57.Rxe2 Kxe2 58.Ke4  1/2-1/2

[Event "TCh-BUL GpA Men"]
[Site "Albena BUL"]
[Date "2011.06.05"]
[Round "4.4"]
[White "Nevednichy,V"]
[Black "Janev,E"]
[Result "0-1"]
[WhiteElo "2542"]
[BlackElo "2500"]

1.e4 d6 2.d4 Nf6 3.Nc3 e5 4.Nf3 Nbd7 5.Bc4 Be7 6.O-O O-O 7.Re1 exd4 8.Nxd4 Re8
9.h3 Bf8 10.Bg5 c6 11.a4 a6 12.a5 Re5 13.f4 Rxa5 14.Rb1 Qb6 15.Kh1 Qb4 16.Nb3 Rxg5
17.Bxf7+ Kxf7 18.fxg5 Ne8 19.Qf3+ Ke7 20.e5 Nxe5 21.Re4 Qc4 22.Rf1 Qg8 23.Nc5 g6
24.Qe3 Bg7 25.Ref4 Kd8 26.N5e4 Bf5 27.Ng3 Bd7 28.Rb4 b5 29.Qb6+ Kc8 30.Rbf4 d5
31.b3 Qe6 32.Nge4 dxe4 33.Nxe4 c5 34.Qxc5+ Kb7 35.Qd4 Rc8 36.c4 Nxc4 37.Nf6 Bc6
38.Rh4 Ne3 39.Re1 Nf5 40.Rxe6 Nxd4 41.Rxd4 Bf8 42.Rh4 Ng7 43.Rxh7 Rc7 44.Re2 Bd6
45.Kg1 Bg3 46.Ng4 Bd5 47.Ne3 Bxb3 48.Nf1 Bd6 49.h4 Bc4 50.Re1 Kb6 51.Rh6 Rc6
52.g4 Bc5+ 53.Kg2 Ne6 54.h5 Bd3 55.Rd1 Nxg5 56.Ng3 Bf8 57.Rh8 Rc2+ 58.Kh1 Nf3
59.hxg6 Bxg6  0-1

[Event "ch-Flanders 2011"]
[Site "Ghent BEL"]
[Date "2011.06.05"]
[Round "7.6"]
[White "Schuermans,R"]
[Black "Verduyn,F"]
[Result "0-1"]
[WhiteElo "2085"]
[BlackElo "2185"]

1.e4 d6 2.d4 Nf6 3.Nc3 c6 4.f4 Qa5 5.Bd3 e5 6.Nf3 Bg4 7.dxe5 dxe5 8.fxe5 Nfd7
9.Bf4 Ba3 10.Bd2 Bxf3 11.Qxf3 Bb4 12.e6 fxe6 13.O-O Ne5 14.Qh3 Qc5+ 15.Be3 Qe7
16.Qh5+ Nf7 17.Bd4 g6 18.Qh3 Bc5 19.Bxc5 Qxc5+ 20.Kh1 Qe5 21.Bc4 Ng5 22.Qe3 Nd7
23.Rad1 Rf8 24.h4 Nf7 25.Qd4 Qxd4 26.Rxd4 Nfe5 27.Rfd1 Ke7 28.Bb3 Rf4 29.g3 Rf2
30.Rd6 Nc5 31.R6d2 Rf3 32.Kg2 Raf8 33.Re2 Ng4 34.Rde1 Rf2+ 35.Kh3 h5 36.Nd1 Rxe2
37.Rxe2 Rf1 38.Nc3 Rf2 39.Bc4 Rf8 40.Kg2 b5 41.b4 Na6 42.Bb3 Nxb4 43.e5 Rf5
44.Re4 Nd5 45.Ne2 Nde3+  0-1

[Event "TCh-BIH 2011"]
[Site "Neum BIH"]
[Date "2011.06.05"]
[Round "2.4"]
[White "Stojanovic,Da"]
[Black "Bosnjak,D"]
[Result "1-0"]
[WhiteElo "2503"]
[BlackElo "2313"]

1.e4 d6 2.d4 Nf6 3.Nc3 e5 4.Nf3 Nbd7 5.Bc4 Be7 6.O-O O-O 7.Re1 c6 8.a4 a5
9.h3 h6 10.Ba2 Ne8 11.Ne2 exd4 12.Nexd4 Nc5 13.c3 Nf6 14.Qc2 Nfxe4 15.Rxe4 Nxe4
16.Qxe4 d5 17.Qd3 f5 18.Bf4 Bd6 19.Bxd6 Qxd6 20.Re1 Bd7 21.Ne5 Rae8 22.f4 Bc8
23.Bb1 g6 24.h4 Kh7 25.Re3 Rd8 26.Rg3 Rf6 27.Rxg6 Rdf8 28.h5 Rxg6 29.Nxg6 Rf6
30.Qe3 Bd7 31.Qe5 c5 32.Qxd6 Rxd6 33.Nxf5 Bxf5 34.Bxf5 d4 35.c4 Rb6 36.Ne5+ Kg7
37.Nd3 Rc6 38.Kf2 Kf6 39.Be4 Rc7 40.Kf3 b6 41.g4 Re7 42.Ne5 Re6 43.g5+ Kg7
44.Ng4 hxg5 45.fxg5 Rd6 46.g6  1-0

[Event "38th OKU 2011"]
[Site "Utrecht NED"]
[Date "2011.06.05"]
[Round "6"]
[White "Ducarmon,Q"]
[Black "Haslinger,S"]
[Result "1-0"]
[WhiteElo "2347"]
[BlackElo "2548"]

1.e4 d6 2.d4 Nf6 3.Nc3 e5 4.Nf3 Nbd7 5.Bc4 Be7 6.O-O O-O 7.a4 c6 8.Ba2 b6
9.Qe2 a6 10.Rd1 Qc7 11.h3 Rb8 12.Nh4 exd4 13.Rxd4 Re8 14.Nf5 Bf8 15.Bf4 Ne5
16.Bg5 Ng6 17.Nh6+ gxh6 18.Bxf6 Be6 19.Qf3 Bxa2 20.Rxa2 Re6 21.Ra1 Rbe8 22.Rdd1 b5
23.axb5 axb5 24.b4 Qb8 25.h4 Rxf6 26.Qxf6 Bg7 27.Qf3 Nxh4 28.Qg3 Ng6 29.Ra3 Be5
30.Qf3 Qc8 31.Ne2 c5 32.Ra7 Rf8 33.Ng3 Bxg3 34.Qxg3 cxb4 35.Rd2 Qc5 36.Rd7 Qc6
37.R7xd6 Qxe4 38.Qe3 Qc4 39.Rd8 Qh4 40.Rxf8+ Kxf8 41.Qc5+ Kg8 42.g3 Qe4 43.Rd8+ Kg7
44.Qd4+ Qe5 45.f4 Qxd4+ 46.Rxd4 h5  1-0

[Event "FSGM June"]
[Site "Budapest HUN"]
[Date "2011.06.07"]
[Round "4"]
[White "Zwahr,P"]
[Black "Szablowski,P"]
[Result "1/2-1/2"]
[WhiteElo "2340"]
[BlackElo "2425"]

1.e4 d6 2.d4 Nf6 3.Nc3 e5 4.dxe5 dxe5 5.Qxd8+ Kxd8 6.Bg5 c6 7.O-O-O+ Nd7
8.Bc4 Ke8 9.Nf3 b5 10.Nxb5 cxb5 11.Bxb5 h6 12.Be3 Ng4 13.Bc6 Rb8 14.Bxa7 Rb7
15.Bxb7 Bxb7 16.Rhe1 Ke7 17.Nd2 Ke6 18.f3 Ngf6 19.a3 Be7 20.Be3 Rc8 21.Nb3 Ne8
22.Na5 Ba6 23.Kb1 Nd6 24.Bd2 Nb5 25.Nb3 Bxa3 26.bxa3 Nxa3+ 27.Kb2 Nxc2 28.Rg1 Nd4
29.Be3 Rb8 30.Bxd4 exd4 31.Rc1 Ne5 32.Ka3 Ra8 33.Nxd4+ Kf6 34.Kb3 Rb8+ 35.Kc3 Rc8+
36.Kd2 Rd8 37.Kc3 Rc8+ 38.Kb3 Bc4+ 39.Kc3  1/2-1/2

[Event "TCh-BIH 2011"]
[Site "Neum BIH"]
[Date "2011.06.07"]
[Round "4.4"]
[White "Djurovic,G"]
[Black "Tadic,Br"]
[Result "1/2-1/2"]
[WhiteElo "2371"]
[BlackElo "2493"]

1.e4 d6 2.d4 Nf6 3.Nc3 e5 4.dxe5 dxe5 5.Qxd8+ Kxd8 6.Bc4 Ke8 7.Bg5 Nbd7 8.O-O-O c6
9.a4 Bc5 10.f3 h6 11.Bh4 a5 12.Nge2 Ke7 13.Kb1 Re8 14.Nc1 Kf8 15.Nb3 Bb4
16.Bf2 Kg8 17.Ne2 Nf8 18.c3 Be7 19.Ng3 g6 20.Rd2 Be6 21.Bxe6 Nxe6 22.Rhd1 b5
23.axb5 cxb5 24.Nf1 b4 25.Ne3 Reb8 26.c4 a4 27.Nd5 Nxd5 28.exd5 axb3 29.dxe6 fxe6
30.Rd7 Kf8 31.Be3 Ke8 32.R7d3 Rc8 33.Rc1 h5  1/2-1/2

[Event "Djakovacki vezovi Open A"]
[Site "Djakovo CRO"]
[Date "2011.06.09"]
[Round "2.6"]
[White "Vargic,D"]
[Black "Jurkovic,A"]
[Result "1/2-1/2"]
[WhiteElo "2357"]
[BlackElo "2342"]

1.e4 d6 2.d4 Nf6 3.Nc3 e5 4.Nf3 Nbd7 5.Bc4 Be7 6.O-O c6 7.a4 Qc7 8.a5 Nf8
9.Ng5 Ne6 10.f4 O-O 11.dxe5 dxe5 12.f5 Nxg5 13.Bxg5 b5 14.Bb3 b4 15.Bxf6 Bxf6
16.Ne2 Ba6 17.Rf3 Rad8 18.Qe1 Qd6 19.Ng3 Qd4+ 20.Kh1 Qxb2 21.Nh5 Bh4 22.Ng3 Rd6
23.Rb1 Qd4 24.f6 g6 25.c3 bxc3 26.Rd1 Qb4 27.Rxd6 Qxd6 28.Qxc3 Bxf6 29.Qe3 Qe7
30.Nf1 Bg5 31.Qf2 Kg7 32.g3 h5 33.h4 Bh6 34.Nh2 Bc8 35.Rc3 Qb4 36.Qc2 Bh3
37.Nf3 Qxa5 38.Kh2 Be6 39.Rxc6 Bxb3 40.Qxb3 Qa1 41.Kg2 a5 42.Ra6 Bc1 43.Qd5 Bb2
44.Rxa5 Qc1 45.Rc5 Qe3 46.Rc2 Bd4 47.Nxe5 Qg1+ 48.Kh3 Qf1+ 49.Rg2 Qh1+ 50.Rh2 Qf1+
51.Rg2  1/2-1/2

[Event "TCh-BIH 2011"]
[Site "Neum BIH"]
[Date "2011.06.09"]
[Round "6.1"]
[White "Pikula,D"]
[Black "Perunovic,Mil"]
[Result "1/2-1/2"]
[WhiteElo "2531"]
[BlackElo "2578"]

1.e4 d6 2.d4 Nf6 3.Nc3 e5 4.Nf3 Nbd7 5.Bc4 Be7 6.O-O O-O 7.Re1 c6 8.a4 a5
9.h3 exd4 10.Qxd4 Nc5 11.Bf4 Be6  1/2-1/2

[Event "Djakovacki vezovi Open A"]
[Site "Djakovo CRO"]
[Date "2011.06.10"]
[Round "3.3"]
[White "Rogulj,B"]
[Black "Popovic,Du"]
[Result "1/2-1/2"]
[WhiteElo "2390"]
[BlackElo "2553"]

1.e4 d6 2.d4 Nf6 3.Nc3 e5 4.Nf3 Nbd7 5.Bc4 Be7 6.O-O O-O 7.Re1 c6 8.a4 a5
9.h3 Nb6 10.Bf1 exd4 11.Nxd4 d5 12.exd5 Nbxd5 13.Nxd5 Nxd5 14.c3 Bc5 15.Bc4 Be6
16.Bxd5 Bxd5 17.Qg4 Qf6 18.Bg5 Qg6 19.Be7 Bxe7 20.Rxe7 Rfd8  1/2-1/2

[Event "ch-Africa Men"]
[Site "Maputo MOZ"]
[Date "2011.06.10"]
[Round "6"]
[White "Steel,H"]
[Black "Adly,A"]
[Result "0-1"]
[WhiteElo "2328"]
[BlackElo "2630"]

1.e4 c6 2.d4 d6 3.Nc3 Nf6 4.f4 g6 5.Nf3 b5 6.Bd3 b4 7.Ne2 d5 8.e5 Nh5 9.O-O e6
10.a3 c5 11.dxc5 Bxc5+ 12.Kh1 bxa3 13.bxa3 f5 14.exf6 O-O 15.Bb2 Nd7 16.f7+ Rxf7
17.Ng5 Re7 18.f5 exf5 19.Bxf5 Nb6 20.Bxc8 Rxc8 21.Bd4 Nc4 22.Bxc5 Rxc5 23.Qd4 Rc6
24.Rf8+ Qxf8 25.Qxd5+ Kg7 26.Qxc6 Qf6 27.Qxf6+ Kxf6 28.Nxh7+ Rxh7 29.g4 Re7
30.gxh5 Rxe2 31.Rf1+ Kg5 32.hxg6 Kxg6 33.Rf4 Rxc2 34.a4 Kg5 35.Rf1 a5 36.h4+  0-1

[Event "35th Open"]
[Site "Fourmies FRA"]
[Date "2011.06.11"]
[Round "2.8"]
[White "Audin,T"]
[Black "Lobzhanidze,D"]
[Result "0-1"]
[WhiteElo "2040"]
[BlackElo "2474"]

1.d4 Nf6 2.Nc3 d6 3.e4 e5 4.Nf3 Nbd7 5.Bg5 Be7 6.h3 c6 7.Qd2 O-O 8.Be2 b5
9.a3 a6 10.O-O Qc7 11.dxe5 dxe5 12.Rfe1 Nc5 13.Qe3 Ne6 14.Bxf6 Bxf6 15.Nh2 Bg5
16.Qg3 Bf4 17.Qh4 Nd4 18.Bd3 Bxh2+ 19.Kxh2 Be6 20.Qg3 Rad8 21.Rac1 c5 22.Nd1 c4
23.Bf1 Kh8 24.Ne3 g6 25.c3 Nb3 26.Rcd1 f6 27.Be2 Nc5 28.Nd5 Bxd5 29.exd5 Qd6
30.Bf1 Rde8 31.Qh4 f5 32.g3 e4 33.Rd4 Nd3 34.Re2 Re5 35.Bg2 Rxd5 36.Rxd5 Qxd5
37.Qe7 Rf7 38.Qe8+ Kg7 39.h4 Ne5 40.Kh3 Ng4 41.Bf1 e3 42.Bg2 Qd1 43.Rxe3 Nxf2+
44.Kh2 Ng4+ 45.Kh3 Qg1  0-1

[Event "35th Open"]
[Site "Fourmies FRA"]
[Date "2011.06.11"]
[Round "2.19"]
[White "Rott,G"]
[Black "Marlier,G"]
[Result "1-0"]
[WhiteElo "2216"]
[BlackElo "1966"]

1.e4 d6 2.d4 Nf6 3.Nc3 e5 4.dxe5 dxe5 5.Qxd8+ Kxd8 6.Bg5 Be6 7.O-O-O+ Kc8
8.f3 Nbd7 9.a3 h6 10.Bh4 c6 11.g4 Kc7 12.Bg3 Ne8 13.h4 f6 14.Bh3 Bc5 15.Re1 Bxg1
16.Rexg1 g5 17.Bf1 Nd6 18.Rh2 Nf7 19.Rgh1 Rag8 20.h5 Rd8 21.Nd1 Nd6 22.Ne3 b5
23.b3 Bf7 24.Be1 Kb6 25.Rd2 Nc5 26.Bf2 Kb7 27.Rxd6 Rxd6 28.Nf5 Rd4 29.Nxd4 exd4
30.Bxd4 Nd7 31.Be2 Ne5 32.Rd1 Rd8 33.Bc5 Rxd1+ 34.Kxd1 Nd7 35.Bd6 a6 36.Kd2 c5
37.Ke3 Kc6 38.Be7 Be6 39.f4 Bf7 40.Bf3 Kb6 41.Bd8+ Ka7 42.f5 Kb8 43.b4 c4
44.Kd4 Kc8 45.Bxf6 Nxf6 46.e5 Nh7 47.e6 Bxe6 48.fxe6 Kd8 49.Ke5 Ke7 50.Kf5 Nf6
51.Bc6 Ng8 52.Bb7 Kd6 53.Bxa6 Ne7+ 54.Kf6 Nd5+ 55.Kf7 c3 56.Bxb5 Ne7 57.a4  1-0

[Event "TCh-SLO"]
[Site "Lasko SLO"]
[Date "2011.06.12"]
[Round "9"]
[White "Gruskovnjak,T"]
[Black "Grosar,A"]
[Result "1/2-1/2"]
[WhiteElo "2378"]
[BlackElo "2408"]

1.e4 d6 2.d4 Nf6 3.Nc3 e5 4.dxe5 dxe5 5.Qxd8+ Kxd8 6.Bc4 Be6 7.Bxe6 fxe6
8.Bg5 Bd6 9.O-O-O Ke7 10.f3 a6 11.Nh3 Nc6 12.Nf2 Rad8 13.Nd3 Nb4 14.a3 Nxd3+
15.Rxd3 Bc5 16.Rhd1 Rxd3 17.Rxd3 Rd8 18.Rxd8 Kxd8 19.Kd2 b5 20.Ne2 Ke7 21.Nc1 h6
22.Bxf6+ gxf6 23.Nd3 Kd6 24.c3 Bb6 25.b3 Bc5 26.a4 Bb6 27.Kc2 Bc5 28.axb5 axb5
29.b4 Bb6 30.Kd2 c6 31.c4 Bd4  1/2-1/2

[Event "Voronezh Master Open"]
[Site "Voronezh RUS"]
[Date "2011.06.12"]
[Round "1.9"]
[White "Shaposhnikov,E"]
[Black "Rjabzev,K"]
[Result "1-0"]
[WhiteElo "2533"]
[BlackElo "2290"]

1.e4 d6 2.d4 Nf6 3.Nc3 e5 4.Nf3 Nbd7 5.Bc4 Be7 6.O-O O-O 7.Qe2 c6 8.Rd1 Qc7
9.a4 a5 10.h3 h6 11.Ba2 Re8 12.Be3 Bf8 13.dxe5 Nxe5 14.Nd4 b6 15.f3 Ba6 16.Qf2 Rab8
17.Nf5 Bc8 18.Ng3 Be6 19.Kh1 Bxa2 20.Rxa2 Ng6 21.Bd4 Nd7 22.Raa1 Nc5 23.Rd2 Ne6
24.Be3 Ne5 25.b3 Ng6 26.Rad1 Nef4 27.Nf5 d5 28.Qg3 Bb4 29.Bd4 Ne6 30.Qxc7 Nxc7
31.Nxg7 c5 32.Bf6 d4 33.Nxe8 Nxe8 34.Nd5 Bxd2 35.Rxd2 Nxf6 36.Nxf6+ Kg7 37.Nd5 b5
38.axb5 Rxb5 39.Kh2 Ne5 40.f4 Nc6 41.Rd3 Nb4 42.Nxb4 axb4 43.Kg3 Ra5 44.Rd1 Ra2
45.Rc1 Kf6 46.Kf3 Ke6 47.Ke2 f5 48.exf5+ Kd5 49.Kd3 Ra3 50.Re1 c4+ 51.Kd2 cxb3
52.cxb3 Ra2+ 53.Kd3 Rxg2 54.Re5+ Kd6 55.f6  1-0

[Event "Voronezh FIDE Open"]
[Site "Voronezh RUS"]
[Date "2011.06.12"]
[Round "1.5"]
[White "Klimov,Ivan"]
[Black "Potapov,Alexa2"]
[Result "0-1"]
[WhiteElo "1928"]
[BlackElo "2243"]

1.e4 d6 2.d4 Nf6 3.Nc3 e5 4.dxe5 dxe5 5.Qxd8+ Kxd8 6.Bc4 Be6 7.Bxe6 fxe6
8.Bg5 Bd6 9.O-O-O Nd7 10.f3 h6 11.Be3 a6 12.Nge2 Ke7 13.Kb1 Nh5 14.Rd2 b5
15.Rhd1 g5 16.Nc1 Rab8 17.Nb3 Nb6 18.Na5 Nc4 19.Nxc4 bxc4 20.Na4 Bb4 21.b3 cxb3
22.axb3 Rb5 23.Nc3 Rb7 24.Na4 Rb5 25.Nc3 Rbb8 26.Na4 Nf6 27.Ka2 Kf7 28.Bc5 Ne8
29.Kb1 Rb5 30.Be3 Nf6 31.h3 Rhb8 32.Rd3 Nh5 33.Ka2 Nf4 34.R3d2 R8b7 35.Rb1 Be7
36.Rd7 Nxg2 37.Bc5 c6 38.Rbd1 Ke8 39.Rxe7+ Rxe7 40.Bxe7 Kxe7 41.c4 Rb8 42.Nc5 Rd8
43.Rxd8 Kxd8 44.Nxe6+ Ke7 45.Ng7 Nh4 46.Ka3 Kf7 47.Nf5 Nxf5 48.exf5 h5 49.Kb4 Kf6
50.Kc5 a5 51.Kxc6 g4 52.fxg4 hxg4 53.hxg4 e4 54.Kb7 e3 55.c5 e2 56.c6 e1=Q
57.c7 Qb4+ 58.Kc6 Qxb3 59.c8=Q Qc4+ 60.Kd7 Qxc8+ 61.Kxc8 a4  0-1

[Event "1st Forni Open"]
[Site "Forni di Sopra ITA"]
[Date "2011.06.13"]
[Round "2"]
[White "Barletta,M"]
[Black "Varini,M"]
[Result "1-0"]
[WhiteElo "2265"]
[BlackElo "2084"]

1.d4 Nf6 2.Nc3 d6 3.e4 e5 4.dxe5 dxe5 5.Qxd8+ Kxd8 6.Bg5 Nd7 7.O-O-O Bd6
8.g3 Ke8 9.Bh3 a6 10.f4 h6 11.fxe5 Bxe5 12.Bf4 Bxc3 13.bxc3 Nxe4 14.Re1 Nc5
15.Bg2 f5 16.Bxc7 Be6 17.Ne2 g6 18.Nf4 Kf7 19.Nxe6 Kxe6 20.Bb6 Kf7 21.g4 Rhe8
22.gxf5 gxf5 23.Rhf1 Kg6 24.Bh3 Rf8 25.Bxc5 Nxc5 26.Re5 b6 27.Rg1+ Kf6 28.Rxf5+ Ke7
29.Rg7+ Kd6 30.Rg6+ Kc7 31.Rxh6 Rxf5 32.Bxf5 Rf8 33.Bd3 Rf2 34.h4 Rh2 35.Bc4 a5
36.Bd5 Na4 37.h5 Nc5 38.Rc6+ Kd7 39.h6 Rh5 40.Bf3 Rh2 41.Rxb6 Ke7 42.Rc6 Nd7
43.Ra6 a4 44.Kb2 Ne5 45.Bd5 Nd3+ 46.Ka3 Rxc2 47.Rc6 Ne5 48.Re6+  1-0

[Event "1st Forni Open"]
[Site "Forni di Sopra ITA"]
[Date "2011.06.14"]
[Round "3"]
[White "Antoniewski,R"]
[Black "Klinova,M"]
[Result "1-0"]
[WhiteElo "2598"]
[BlackElo "2315"]

1.e4 d6 2.d4 Nf6 3.Nc3 e5 4.Nf3 Nbd7 5.Bc4 Be7 6.O-O O-O 7.a4 c6 8.Re1 b6
9.Ba2 Bb7 10.h3 a6 11.dxe5 dxe5 12.Nh4 g6 13.Nf3 Kg7 14.Be3 h6 15.Qd2 Rh8
16.Qe2 b5 17.Red1 Qc7 18.Ne1 Rad8 19.Nd3 Rhf8 20.f3 Nh5 21.Qd2 Rh8 22.axb5 axb5
23.b4 Nhf6 24.Bb3 Ra8 25.Rxa8 Bxa8 26.Ra1 Bb7 27.Qc1 Ne8 28.Ra7 Nd6 29.Kh1 Nc8
30.Ra1 Ncb6 31.Ra7 Nc8 32.Ra2 Ncb6 33.Qa1 Bg5 34.Bf2 Be7 35.Ra5 Rf8 36.Nd1 Nc8
37.Ne3 f6 38.Qa2 Ncb6 39.Ng4 h5 40.Ne3 Rd8 41.Qa1 Nf8 42.Qg1 Nbd7 43.Ra7 Ra8
44.Rxa8 Bxa8 45.g4 h4 46.Nf5+  1-0

[Event "1st Forni Open"]
[Site "Forni di Sopra ITA"]
[Date "2011.06.14"]
[Round "3"]
[White "Sorbera,G"]
[Black "Borgo,G"]
[Result "1/2-1/2"]
[WhiteElo "2167"]
[BlackElo "2399"]

1.e4 d6 2.d4 Nf6 3.Nc3 Nbd7 4.Nf3 e5 5.Bc4 Be7 6.Qe2 c6 7.dxe5 Nxe5 8.Nxe5 dxe5
9.Be3 O-O 10.f3 Bb4 11.O-O Qe7 12.Qf2 Nd7 13.Rfd1 Rd8 14.Rd2 Nf8 15.Rxd8 Qxd8
16.Bxa7 Bxc3 17.bxc3 Qa5 18.Bb6 Qxc3 19.Qf1 Be6 20.Bb3 c5 21.Bd5 Bxd5 22.exd5 Qd4+
23.Kh1 Qxd5 24.a4 Nd7 25.a5 Nxb6 26.axb6 Rd8 27.h3 h6 28.Ra5 Rd6 29.Qb1 f6
30.Ra8+ Kf7 31.Rc8 Rc6 32.Rb8 Rd6 33.Rc8 Rc6 34.Rb8 Qd7 35.Qa2+ Kg6 36.Qa7 Qd1+
37.Kh2 Qd2 38.Rxb7 Qf4+ 39.Kg1 Qc1+ 40.Kh2 Qf4+ 41.Kg1 Qc1+  1/2-1/2

[Event "Lviv Open Championship"]
[Site "Lviv UKR"]
[Date "2011.06.14"]
[Round "9.9"]
[White "Durnev,V"]
[Black "Sanotsky,Yuriy"]
[Result "1-0"]
[WhiteElo "2019"]
[BlackElo "1993"]

1.e4 d6 2.d4 Nf6 3.Nc3 e5 4.dxe5 dxe5 5.Qxd8+ Kxd8 6.Bg5 c6 7.Nf3 Nd7 8.O-O-O Ke8
9.Bh4 Bc5 10.Rd2 Bb6 11.Bc4 Bc7 12.Rhd1 h6 13.Bxf6 gxf6 14.Bxf7+ Ke7 15.Bc4 b5
16.Bf1 Nc5 17.b4 Ne6 18.Kb2 a5 19.a3 Rg8 20.Nh4 Nd4 21.Na2 Rg4 22.g3 axb4
23.axb4 Be6 24.Nc1 Rxe4 25.Bg2 Rg4 26.c3 Nf5 27.Nxf5+ Bxf5 28.Bxc6 Rb8 29.Rd7+ Bxd7
30.Rxd7+ Ke6 31.Rxc7 Kd6 32.Rb7  1-0